000 00475nam a2200193Ia 4500
008 101110s9999 xx 000 0 und d
041 _aENGLISH
082 _bSR10827
_a828
100 _aAtthreya N.H.
245 _aRapid Reading : Exercise Manual
365 _b19.5
520 _aEnglish
546 _aENGLISH
630 _aRapid Reading : Exercise Manual
650 _aEnglish
655 _aEnglish
730 _aRapid Reading : Exercise Manual
942 _cBOOK
999 _c805716
_d805713